|
|
|
|
| LEADER |
01289nam a22003374a 4500 |
| 001 |
39119 |
| 003 |
BD-DhAAL |
| 008 |
220731t2005 dcua b 000 0 eng d |
| 999 |
|
|
|c 44680
|d 44680
|
| 010 |
|
|
|a 2005050449
|
| 020 |
|
|
|a 0821362283 (pbk.)
|
| 040 |
|
|
|a DLC
|c DLC
|d DLC
|d BD-DhAAL
|
| 042 |
|
|
|a pcc
|
| 043 |
|
|
|a d------
|
| 050 |
0 |
0 |
|a HC60
|b .K522 2005
|
| 082 |
0 |
0 |
|a 338.91091724
|2 22
|
| 100 |
1 |
|
|a Klein, Michael
|q (Michael U.)
|9 50406
|
| 245 |
1 |
4 |
|a The market for aid /
|c Michael Klein and Tim Harford.
|
| 260 |
|
|
|a Washington, D.C. :
|b International Finance Corporation,
|c 2005.
|
| 300 |
|
|
|a vii, 143 pages :
|b illustrations ;
|c 21 cm.
|
| 504 |
|
|
|a Includes bibliographical references (pages 135-141).
|
| 541 |
|
|
|a Donated By Akbar Ali Khan
|e 39119
|
| 650 |
|
0 |
|a Economic assistance
|z Developing countries.
|9 50407
|
| 650 |
|
0 |
|a Economic development.
|9 50408
|
| 650 |
|
0 |
|a Development banks.
|9 50409
|
| 650 |
|
0 |
|a International agencies.
|9 50410
|
| 650 |
|
0 |
|a Economics.
|9 50411
|
| 700 |
1 |
|
|a Harford, Tim,
|d 1973-
|9 50412
|
| 852 |
|
|
|a Ayesha Abed Library
|c Akbar Ali Khan Collection
|
| 942 |
|
|
|2 ddc
|c BK
|
| 952 |
|
|
|0 0
|1 0
|2 ddc
|4 0
|6 338_910917240000000_KLE
|7 1
|9 71405
|a BRACUL
|b BRACUL
|c AAKC
|d 2022-07-31
|e Donated by Akbar Ali Khan
|l 0
|o 338.91091724 KLE
|p 3010039119
|r 2022-07-31
|t 1
|w 2022-07-31
|y BK
|